000 00625nam a2200181 i 4500
001 117295
003 ES-MaACL
005 20250808063524.0
007 t|
008 071121q1944 sp r ||||1| spa d
100 1 _aPeña Yáñez, Julián
_990295
245 1 0 _aPatogenia de la disentería bacilar experimental /
_cJulián Peña Yáñez.
260 _aMadrid :
_b[s.n.],
_c[1944?] (
_fImp. J. Cosano)
300 _a33 h. :
_bil. ;
_c24 cm.
500 _aEs separata de la Revista de Sanidad e Higiene Pública, año XVIII-nº 7 y 8 -1944.
852 _aES-MaACL
_j1907-F-13
_bR.29183
999 _c117295
_d117295